Loading...
| Fine Arts - Auditory | 4 | 5.00 | 50% | 0% | 0% |
| Fine Arts - Other | 3 | 6.67 | 67% | 0% | 0% |
| Fine Arts - Visual | 3 | 3.33 | 33% | 0% | 0% |
| Geography | 4 | 10.00 | 75% | 25% | 0% |
| History - American | 1 | 10.00 | 100% | 0% | 0% |
| History - Ancient/Other | 3 | 10.00 | 100% | 0% | 0% |
| History - European | 4 | 17.50 | 100% | 75% | 0% |
| History - World | 1 | 20.00 | 100% | 100% | 0% |
| Literature - American | 2 | 15.00 | 100% | 50% | 0% |
| Literature - British | 5 | 10.00 | 100% | 0% | 0% |
| Literature - European | 2 | 15.00 | 100% | 50% | 0% |
| Literature - World | 4 | 10.00 | 100% | 0% | 0% |
| Mythology | 3 | 6.67 | 33% | 33% | 0% |
| Philosophy | 4 | 7.50 | 50% | 25% | 0% |
| Religion | 2 | 5.00 | 50% | 0% | 0% |
| Science - Biology | 3 | 13.33 | 100% | 33% | 0% |
| Science - Chemistry | 3 | 10.00 | 100% | 0% | 0% |
| Science - Other | 4 | 10.00 | 100% | 0% | 0% |
| Social Science | 5 | 12.00 | 100% | 20% | 0% |